00402nam a2200145 a 450008200130000010000180001324500350003126000460006630000090011250000350012150500190015665000250017565000380020070000180023800a291bWAC aWach, Joachim aComparative Study of Religions aNew YorkbColumbia University Pressc1963 a231p aincludes index and biblioraphy2 aBiblio., Index aComparative Religion aComparative-Religion Christianity1 aWach, Joachim